00541nam a22001817a 450000500170000001000150001702000260003203500130005803700130007108200110008410000240009524500480011925000110016726000300017827000690020830000320027750000500030920150813104839.0 aENG-113624 c425.00a9788120351158 aEN-97156 bDBAD/PUB a616.96 aMandal, Fatik Baran aHuman parasitology /cby Fatik Baran Mandal a2nd ed aDelhibPHI Learningc2015 aRimjhim House, 111, Patparganj Industrial Estate,bDelhie110092 axv,300p. :c27cm(pbk)bill. aIncludes bibliographical references and index